000 00473nam a2200169 i 4500
001 35662
003 ES-MaACL
005 20230906155159.0
007 t|
008 030213s1969 sp ||||1| spa d
100 1 _aBro, Bernard.
_931815
245 1 0 _a¡Feliz el que cree! /
_cBernard Bro ; [tradujo Alfonso Ortiz].
260 _aSalamanca :
_bSígueme,
_c1969.
300 _a133 p. ;
_c19 cm.
700 1 _aOrtiz, Alfonso.
_987547
852 _aES-MaACL
_jC-50907
_bR.68957
999 _c35662
_d35662